[Event "100 years Romania 2018"]
[Site "Alba Iulia"]
[Date "2018.11.15"]
[Round "6"]
[White "Stoleriu, George"]
[Black "Marin, Mihail"]
[Result "1/2-1/2"]
[WhiteElo "2362"]
[BlackElo "2555"]
[Annotator "TA"]
[PlyCount "69"]
[EventDate "2018.11.12"]
[EventType "swiss"]
[EventCountry "ROU"]
[SourceTitle "playchess.com"]
[Source "ChessBase"]
[SourceQuality "1"]

{[%evp 11,69,14,27,23,24,16,17,22,16,17,36,43,48,49,43,33,43,33,38,22,38,45,45,0,0,-48,-47,-56,-46,-54,-30,-40,-35,-63,-24,-83,-93,-128,-100,-90,-73,-125,-114,-158,-97,-123,-23,-48,-43,-19,0,0,0,-9,-9,-9,-7,-43,0,0]} 1. e4 e6 2. d4 d5 3. Nc3 Bb4 4. Nge2 Nc6 5. a3 Ba5 6. b4 Bb6 7. Bb2 {C15: French: 3 Nc3 Bb4: Unusual White 4th moves} Nge7 8. g3 e5 {[%cal Rc6d4]} 9. dxe5 Nxe5 {[%cal Re5f3] [#]} 10. Nf4 {[%cal Rc3d5]} (10. Bg2 Nc4 11. Bc1 a5 12. b5 O-O 13. exd5 Ng6 14. O-O Qf6 {0-1 (39) Mastrovasilis,D (2606)-Piorun,K (2676) Lublin 2016}) 10... Bg4 11. Be2 Bxe2 12. Qxe2 {[%cal Rc3d5]} Nc4 13. O-O-O $146 {[%cal Rc3d5]} ({Predecessor:} 13. Bc1 Bd4 14. Nfxd5 Nxd5 15. exd5+ {0-1 (76) Lubbe,M (2261)-Henrich,T (2212) Deutschland 2017}) 13... Nxb2 14. Kxb2 {[%cal Rc3d5]} d4 15. Ncd5 O-O 16. Qc4 $1 Nc6 17. Nxb6 axb6 18. b5 Qe7 19. a4 Ne5 $1 {[%cal Re5c4]} 20. Qxd4 {[#] Strongly threatening Nd5.} c6 21. Nd3 Nf3 {[%mdl 1024] Black has compensation.} 22. Qb4 Qf6+ 23. c3 (23. e5 $1 $11 {remains equal.} Nxe5 24. Nxe5 Qxe5+ 25. Qd4) 23... Rfe8 $17 24. Nf4 Ne5 25. h4 h6 26. h5 ({Better is} 26. Kb1) 26... Ra5 27. Ra1 Ng4 (27... Rc8 $142 28. bxc6 Rxc6) 28. Rhf1 Qe5 (28... Qg5 $17 {[%cal Rc6b5]} 29. bxc6 {[%mdl 64] Discovered Attack} bxc6) 29. f3 $11 Nf6 $1 {[%cal Rc6b5]} 30. Qd4 cxb5 (30... Qg5 {seems wilder.} 31. Qxb6 Raa8 32. bxc6 bxc6 33. Qf2 Nd7) 31. Qxe5 Rxe5 32. axb5 Rexb5+ 33. Kc2 Nxh5 34. Ne2 g6 35. Rfb1 {Accuracy: White = 59%, Black = 58%.} 1/2-1/2

[Event "100 years Romania 2018"]
[Site "Alba Iulia"]
[Date "2018.11.15"]
[Round "6"]
[White "Ileana, George"]
[Black "Istratescu, Andrei"]
[Result "1/2-1/2"]
[WhiteElo "2318"]
[BlackElo "2565"]
[Annotator "TA"]
[PlyCount "90"]
[EventDate "2018.11.12"]
[EventType "swiss"]
[EventCountry "ROU"]
[SourceTitle "playchess.com"]
[Source "ChessBase"]
[SourceQuality "1"]

{[%evp 17,90,20,29,4,23,20,25,10,18,12,16,0,10,0,13,0,0,0,0,-10,-5,-14,-9,-15,-2,-2,0,-4,-2,-3,-4,-10,0,0,0,0,0,-21,0,-16,0,0,0,0,0,0,0,0,0,0,0,0,0,-64,-64,-64,-64,-64,0,0,0,0,0,0,0,0,0,0,0,0,0,0,0,0,0]} 1. e4 {[%cal Be2e4,Be4e5][%mdl 32]} e6 2. d4 d5 3. Nd2 Nf6 4. e5 Nfd7 5. Bd3 c5 6. c3 b6 7. Ne2 Ba6 8. Nf3 Bxd3 9. Qxd3 Nc6 {LiveBook: 8 Games. C06: French Tarrasch: 3...Nf6 4 e5 Nfd7 5 Bd3 main lines} 10. Bg5 (10. O-O c4 11. Qe3 b5 12. Ng5 h6 13. Qh3 g6 14. b3 Bg7 15. Nf3 Nb6 16. Nf4 a5 17. Nxe6 fxe6 18. Qxe6+ {1-0 (41) Yu,R (2556)-Nguyen,V (2339) Ho Chi Minh City 2013}) 10... Qc7 11. O-O h6 {[#] ...c4 is the strong threat.} 12. Bh4 c4 13. Qe3 $146 ({Predecessor:} 13. Qc2 b5 14. b3 Nb6 15. Nd2 Ne7 16. Bxe7 Qxe7 17. f4 {0-1 (45) Basas Gamazo,J (2125)-Baron Isanta,J (2295) Pont de Vilomara 1998}) 13... b5 14. a3 Nb6 15. Nd2 Ne7 16. Bxe7 Bxe7 17. f4 g6 18. g3 a5 19. Kg2 h5 20. h3 Kd7 {[%cal Be8d7,Bd7c6,Bc6b7][%mdl 32]} 21. Nf3 Kc6 22. g4 Kb7 23. Ng3 hxg4 24. hxg4 Rag8 25. Rh1 Na4 26. Qd2 Qd8 27. Ng5 Qf8 28. Nh7 Qe8 29. g5 Rg7 30. Nf6 Bxf6 31. exf6 Rgh7 32. Rxh7 Rxh7 33. Rh1 Rxh1 34. Nxh1 Nb6 35. Ng3 (35. Nf2 $11) 35... Nc8 $1 $15 36. Kf3 Qh8 37. Qg2 Qh4 ({Better is} 37... Nd6 $15) 38. Qh1 $11 {The position is equal.} Qxh1+ 39. Nxh1 {[%mdl 4096] Endgame KN-KN} Kc6 40. Ke2 {[#]} b4 $1 {[%mdl 512]} 41. axb4 axb4 42. Nf2 b3 43. Nh1 Nd6 44. Ng3 Nf5 45. Nxf5 exf5 {Precision: White = 51%, Black = 68%.} 1/2-1/2

[Event "100 years Romania 2018"]
[Site "Alba Iulia"]
[Date "2018.11.16"]
[Round "7"]
[White "Istratescu, Andrei"]
[Black "Pisu, Robert-Daniel"]
[Result "1-0"]
[WhiteElo "2565"]
[BlackElo "2236"]
[Annotator "TA"]
[PlyCount "55"]
[EventDate "2018.11.12"]
[EventType "swiss"]
[EventCountry "ROU"]
[SourceTitle "playchess.com"]
[Source "ChessBase"]
[SourceQuality "1"]

{[%evp 21,55,12,1,-12,-19,-51,-46,-57,-13,-22,-24,-37,-12,-20,33,43,45,25,22,-12,-21,-23,60,50,205,200,270,286,463,471,451,417,517,514,749,737]} 1. e4 e5 2. Nf3 Nc6 3. Bb5 Nf6 4. d3 Bc5 5. O-O Nd4 6. Nxd4 Bxd4 7. c3 {C65: Ruy Lopez: Berlin Defence (3...Nf6), unusual lines and 4 0-0 Bc5} Bb6 8. Na3 c6 9. Ba4 d6 10. Nc4 Bc7 11. Bb3 Be6 {LiveBook: 7 Games} (11... h6 12. Ne3 d5 13. exd5 cxd5 14. d4 e4 {1-0 (35) Anand,V (2768)-Nakamura,H (2777) Saint Louis 2018}) 12. Bg5 h6 {[%cal Bh7h6,Bh6h5,Bh5h4][%mdl 32]} 13. Bh4 g5 $1 {[%cal Rg5h4]} 14. Bg3 Qe7 15. Ne3 h5 $146 {[#] ...h4 is the strong threat.} ({Predecessor:} 15... O-O-O 16. f3 d5 17. Qc2 Nh5 18. Bf2 Nf4 19. Rad1 h5 20. exd5 cxd5 21. d4 g4 {½-½ (21) Najer,E (2634)-Jurcik,M (2466) Czechia 2014}) 16. f3 h4 17. Bf2 Nh5 (17... d5 $11) 18. d4 $14 Nf4 19. Bxe6 Qxe6 20. dxe5 O-O-O 21. exd6 Bxd6 (21... Rxd6 $11 22. Qb3 Ne2+ 23. Kh1 Ng3+ 24. Bxg3 hxg3 25. Qxe6+ fxe6) 22. Qc2 $36 {[%mdl 2048] White has some pressure.} g4 $2 {[#]} (22... Nd3 $14) 23. Nxg4 $18 f5 24. exf5 Ne2+ $2 (24... Qe2 {keeps fighting.} 25. Qxe2 Nxe2+ 26. Kh1 Ng3+ 27. Bxg3 hxg3) 25. Kh1 Qc4 26. Rfe1 Ng3+ 27. Kg1 Rdg8 28. Rad1 {Precision: White = 56%, Black = 31%.} 1-0

[Event "100 years Romania 2018"]
[Site "Alba Iulia"]
[Date "2018.11.16"]
[Round "7"]
[White "Marin, Mihail"]
[Black "Ileana, George"]
[Result "1/2-1/2"]
[WhiteElo "2555"]
[BlackElo "2318"]
[Annotator "TA"]
[PlyCount "99"]
[EventDate "2018.11.12"]
[EventType "swiss"]
[EventCountry "ROU"]
[SourceTitle "playchess.com"]
[Source "ChessBase"]
[SourceQuality "1"]

{[%evp 9,99,0,0,-4,39,28,37,36,31,0,38,-10,9,4,6,0,0,-2,0,-6,8,16,4,8,17,20,22,27,33,31,78,79,77,72,68,71,83,33,31,33,30,24,23,9,9,9,9,7,9,8,9,8,9,10,29,8,7,2,6,1,4,0,1,0,3,0,5,0,0,0,1,0,0,0,0,0,0,0,0,0,8,8,8,0,0,0,0,0,6,6,6,6]} 1. c4 Nf6 2. Nf3 e6 3. g3 a6 4. Nc3 d5 5. cxd5 exd5 6. Bg2 {A13: English Opening: 1...e6} Bd6 7. O-O O-O 8. d3 {White is slightly better.} Re8 9. Qc2 $146 ({Predecessor:} 9. Bg5 h6 10. Bxf6 Qxf6 11. Nxd5 Qxb2 12. Nd2 Ra7 13. e3 b5 {1-0 (22) Sasikiran,K (2669)-Drasko,M (2437) Tromsoe 2014}) 9... c6 10. a3 Nbd7 11. b4 Ne5 12. Nxe5 Bxe5 13. Bb2 a5 14. Na4 Bxb2 15. Qxb2 axb4 16. axb4 Bg4 17. e3 Nd7 18. Qd4 Be6 19. Rfc1 Qf6 20. Qxf6 Nxf6 21. Nc5 Rxa1 22. Rxa1 b6 23. Nb3 Kf8 24. Ra7 Re7 25. Ra6 Rb7 26. Bf1 Ke7 27. d4 Ne8 28. Bd3 Nc7 29. Ra1 h6 30. f3 f5 31. Kf2 Kd6 32. h3 Rb8 {The position is equal.} 33. g4 fxg4 34. hxg4 Ra8 35. Rxa8 Nxa8 $11 {[%mdl 4096] Endgame KBN-KBN} 36. Kg3 g5 37. Kf2 Nc7 38. Ke2 Bf7 39. Kf2 Be6 40. Ke2 Bf7 41. Nc1 c5 42. bxc5+ bxc5 43. dxc5+ Kxc5 44. Nb3+ Kb4 45. Nd4 h5 46. Nc6+ Kc3 47. gxh5 Bxh5 48. Bf5 Be8 49. Nd4 Nb5 50. Nxb5+ {Accuracy: White = 50%, Black = 68%.} 1/2-1/2

[Event "100 years Romania 2018"]
[Site "Alba Iulia"]
[Date "2018.11.16"]
[Round "7"]
[White "Manolache, Marius"]
[Black "Filip, Lucian-Ioan"]
[Result "1/2-1/2"]
[WhiteElo "2518"]
[BlackElo "2432"]
[Annotator "TA"]
[PlyCount "125"]
[EventDate "2018.11.12"]
[EventType "swiss"]
[EventCountry "ROU"]
[SourceTitle "playchess.com"]
[Source "ChessBase"]
[SourceQuality "1"]

{[%evp 13,125,0,28,22,23,21,19,16,48,57,53,52,54,37,35,34,46,48,50,56,54,62,49,50,90,95,124,95,90,87,96,99,102,87,83,83,85,85,95,82,85,81,82,66,97,48,94,87,106,79,113,118,113,104,106,109,122,100,94,0,95,73,120,78,115,87,99,51,52,56,61,8,7,0,15,19,14,12,12,12,12,12,18,12,18,12,12,12,12,12,12,12,12,12,12,0,0,0,0,0,0,0,0,-8,-8,-8,-8,-8,-8,-8,-8,-8,-8,-8]} 1. d4 e6 2. Nf3 Nf6 3. c4 b6 4. e3 Bb7 5. Nc3 Bb4 6. Bd2 O-O 7. Bd3 c5 8. a3 {E43: Nimzo-Indian: Rubinstein: 4...b6} Ba5 (8... Bxc3 9. Bxc3 Ne4 10. Bxe4 Bxe4 11. dxc5 bxc5 12. Qd6 f6 13. Qxc5 Qc8 14. Qd4 Bxf3 15. gxf3 Nc6 16. Qe4 Ne5 17. Bxe5 fxe5 {1-0 (43) Predke,A (2612)-Georgiev,K (2590) Biograd 2018}) 9. O-O d5 10. cxd5 cxd4 $146 ({Predecessor:} 10... exd5 11. Ne5 Nc6 12. Nxc6 Bxc6 13. Rc1 Qd7 {½-½ (13) Trifunov,D (2425)-Kolev,A (2460) Bankia 1991}) 11. exd4 {And now b4 would win.} Bxc3 $1 12. bxc3 {Strongly threatening dxe6.} Qxd5 13. Re1 Nbd7 14. c4 $36 {[%mdl 2048] White is pushing.} Qc6 15. a4 Qd6 16. Bc3 Qf4 17. Qd2 Qxd2 18. Nxd2 Rfd8 19. a5 Rac8 20. axb6 axb6 21. Ra7 Bc6 22. f3 h6 23. Bf1 Ra8 24. Rea1 Rxa7 25. Rxa7 Ne8 26. Ra2 Ra8 27. Rb2 Nd6 28. Kf2 Rc8 29. Rb3 Ba4 30. Ra3 Bc6 31. g4 Ra8 32. Rxa8+ Bxa8 33. Bb4 Ne8 34. Bd3 g6 35. Bc2 Bc6 36. Bd3 (36. Be4 $16 Bxe4 37. Nxe4) 36... Nc7 (36... Ba8 $1 $11) 37. Be2 Kg7 38. h4 f5 39. Bc3 Kf7 40. g5 hxg5 $1 41. hxg5 e5 42. dxe5 (42. d5 $14 Ba4 43. f4) 42... Ne6 $11 {The position is equal.} 43. Nb3 Ba4 44. Nd4 {next Nxe6 is good for White.} Nxg5 45. Bd2 Ne6 46. Nxe6 Kxe6 {[%mdl 4096] Endgame KBB-KBN} 47. f4 Bc6 48. Be3 Be4 49. Kg3 Kf7 50. Kh4 Nc5 51. Kg5 Ne6+ 52. Kh6 Nc5 53. Bf1 Bd3 54. Bxd3 Nxd3 55. Bxb6 Nxf4 {KB-KN} 56. Bd4 Ke6 57. c5 Kd5 {[#]} 58. c6 $1 {[%mdl 512]} Kxc6 59. Kg5 Ne6+ {[%mdl 64] Double Attack} 60. Kxg6 Nxd4 {[#]} 61. e6 $1 {[%cal Re6e7][%mdl 512] Black must now prevent e7.} Kd6 (61... Nxe6 62. Kxf5) 62. Kf6 Nxe6 {( -> ...f4)} ({Not} 62... f4 $2 63. e7 $18) 63. Kxf5 {Accuracy: White = 52%, Black = 62%.} 1/2-1/2

[Event "100 years Romania 2018"]
[Site "Alba Iulia"]
[Date "2018.11.16"]
[Round "7"]
[White "Tilicheev, Viacheslav"]
[Black "Macovei, Andrei"]
[Result "1-0"]
[WhiteElo "2509"]
[BlackElo "2369"]
[Annotator "TA"]
[PlyCount "51"]
[EventDate "2018.11.12"]
[EventType "swiss"]
[EventCountry "ROU"]
[SourceTitle "playchess.com"]
[Source "ChessBase"]
[SourceQuality "1"]

{[%evp 19,51,11,17,-15,-4,-4,4,0,0,0,112,120,187,133,143,137,129,117,128,127,253,253,239,111,189,182,530,527,517,502,505,498,479,469]} 1. d4 Nf6 2. Nf3 d5 3. c4 e6 4. Nc3 Bb4 5. Bg5 h6 6. Bxf6 Qxf6 7. e3 O-O 8. Rc1 dxc4 9. Bxc4 c5 10. dxc5 Bxc5 {LiveBook: 35 Games} 11. Ne4 $146 {D38: Queen's Gambit Declined: Ragozin Defence (4 Nf3 Bb4)} ({Predecessor:} 11. Qc2 Bb4 12. O-O Nd7 13. Ne4 Qe7 14. a3 Ba5 15. Rfd1 Rd8 16. Ba2 Nf6 17. Bb1 g6 18. Ne5 Kg7 19. Rxd8 Bxd8 {½-½ (113) Melkumyan,H (2633)-Nguyen,N (2629) Doha 2016}) 11... Bb4+ 12. Kf1 Qe7 13. g4 {The position is equal.} b5 14. Bd3 f5 (14... Bb7 $11 {keeps the balance.}) 15. gxf5 $16 {Hoping for f6.} exf5 (15... Nd7 $16 {might work better.}) 16. Rxc8 ({Better is} 16. Ng3 $18) 16... Rxc8 17. Ng3 {[%cal Be4g3,Bg3f5,Bf5h6][%mdl 32]} Nc6 18. Nxf5 Qf6 19. Rg1 {[%mdl 1024] White has strong compensation.} Bf8 (19... Kh8 $16) 20. Qb3+ $18 Kh8 {[#]} 21. Rg4 (21. Rg6 $1 $18 {[%mdl 512]} Na5 (21... Qxg6 22. N5h4) 22. Qd5 (22. Rxf6 Nxb3 23. Rxf8+ Rxf8 $16) 22... Qxg6 23. N5h4 Rc1+ 24. Ke2 Rc2+ 25. Kd1 Rc1+ {[%mdl 64] Decoy} 26. Kxc1 Qc6+ 27. Qxc6 Nxc6 28. Ng6+ (28. Bxb5 Ne7 $11) 28... Kg8 29. Be4 (29. Bxb5 Ne7 $11)) 21... Ne7 {[#]} (21... Na5 $16 22. Qxb5 Rc5) 22. Rf4 $1 {aiming for Nxh6!} ({Stronger than} 22. Qxb5 Rcb8 $15) 22... Ng6 $2 {[#]} (22... Rc1+ 23. Ke2 Ng6) 23. Nxh6 $1 {[%csl Gh6][%cal Rb3g8][%mdl 576] Discovered Attack. White is clearly winning.} Rc1+ (23... gxh6 24. Rxf6) 24. Ne1 Rxe1+ 25. Kxe1 {[%csl Gh6][%cal Rb3g8]} Bb4+ 26. Rxb4 {Accuracy: White = 59%, Black = 31%.} 1-0

[Event "100 years Romania 2018"]
[Site "Alba Iulia"]
[Date "2018.11.16"]
[Round "7"]
[White "Visakh N R"]
[Black "Moiseenko, Vadim"]
[Result "1-0"]
[WhiteElo "2489"]
[BlackElo "2491"]
[Annotator "TA"]
[PlyCount "90"]
[EventDate "2018.11.12"]
[EventType "swiss"]
[EventCountry "ROU"]
[SourceTitle "playchess.com"]
[Source "ChessBase"]
[SourceQuality "1"]

{[%evp 9,90,35,53,52,50,27,33,32,45,33,35,36,29,22,28,20,30,28,52,54,54,44,39,35,56,50,63,62,97,70,83,68,130,129,145,179,235,227,225,218,232,229,192,178,174,170,199,186,200,182,221,147,264,240,322,314,400,400,400,400,400,400,400,397,397,397,394,392,475,475,475,475,475,475,1125,1125,1125,1125,1118,1108,1093,1056,839]} 1. d4 Nf6 2. c4 d6 3. Nf3 c6 4. g3 Bf5 5. Nc3 Qc8 (5... Nbd7 6. Bg2 e5 7. Nh4 exd4 8. Nxf5 dxc3 9. Nxd6+ Bxd6 10. Qxd6 cxb2 11. Bxb2 Qa5+ 12. Qd2 Qxd2+ 13. Kxd2 {½-½ (42) Michiels,B (2506)-Jobava,B (2695) Warsaw 2013}) 6. Bg2 {A53: Old Indian Defence without Nf3} Ne4 7. Bd2 $146 ({Predecessor:} 7. Qb3 Nxc3 8. bxc3 g6 9. O-O Bg7 10. Re1 Na6 11. e4 Bd7 12. Rb1 O-O 13. e5 {1-0 (33) Chabanon,J (2483)-Lamoureux,C (2386) Lido Estensi 2002}) 7... g6 8. O-O {White is slightly better.} Bg7 9. Nh4 Nxc3 10. Bxc3 Bh3 11. Rc1 Bxg2 12. Kxg2 O-O 13. d5 e5 14. dxe6 Qxe6 15. Bxg7 Kxg7 16. Qd4+ f6 17. Rfd1 Rd8 $1 18. Rc3 Na6 19. Re3 $36 {[%mdl 2048] White is pushing.} Qf7 20. Qg4 {Threatens to win with Re7!} h5 (20... Kh8 $14) 21. Qf4 $16 d5 {[#]} 22. g4 $1 {[%cal Bg3g4,Bg4h5][%mdl 32] Hoping for gxh5.} dxc4 (22... Rh8 $142 23. Rg3 g5 24. Nf5+ Kh7) 23. Rxd8 $18 Rxd8 24. gxh5 Qd5+ 25. f3 {Threatening mate with Re7+.} Rd7 26. Qg4 ({Resist} 26. hxg6 $6 Qg5+ 27. Qg3 Nc5 $16) ({Don't take} 26. h6+ $6 Kh7 $16) 26... Qg5 27. Qxg5 ({Don't play} 27. hxg6 $6 Qxg4+ 28. fxg4 Nc5 $14) 27... fxg5 28. Nxg6 {[%mdl 4096] Endgame KRN-KRN} Nb4 29. Kg3 Nd5 30. Re6 {aiming for h6+!} Nc7 (30... Nf6 $16) 31. Re4 b5 32. Ne5 Rd6 {[#]} 33. Nxc4 $1 {[%mdl 512]} bxc4 {KRN-KR} 34. Re7+ Kh6 35. Rxc7 Kxh5 {KR-KR} 36. Rh7+ Kg6 37. Rxa7 Rd2 38. Rc7 Rxe2 39. Rxc6+ {White is clearly winning.} Kh5 40. Rxc4 Rxb2 41. a4 Ra2 (41... Rd2 $142 42. Rc8 Rd4) 42. h4 gxh4+ 43. Rxh4+ Kg5 44. Rb4 Kf5 45. Rb5+ Kf6 {Precision: White = 82%, Black = 51%.} 1-0

[Event "100 years Romania 2018"]
[Site "Alba Iulia"]
[Date "2018.11.16"]
[Round "7"]
[White "Omelja, Artem"]
[Black "Shishkin, Vadim"]
[Result "1/2-1/2"]
[WhiteElo "2453"]
[BlackElo "2456"]
[Annotator "TA"]
[PlyCount "43"]
[EventDate "2018.11.12"]
[EventType "swiss"]
[EventCountry "ROU"]
[SourceTitle "playchess.com"]
[Source "ChessBase"]
[SourceQuality "1"]

{[%evp 16,43,33,18,49,49,57,39,44,41,37,35,29,33,37,49,20,5,22,9,21,0,9,9,8,8,6,13,0,-16]} 1. d4 Nf6 2. c4 g6 3. Nc3 d5 4. Bg5 Ne4 5. Bh4 Nxc3 6. bxc3 dxc4 7. e3 Be6 8. Nf3 Bg7 9. Qb1 {LiveBook: 74 Games} Nd7 {D91: Grünfeld: 4 Nf3 Bg7 5 Bg5} (9... Qd5 10. Be2 Bf5 11. Qb4 c5 12. Qb5+ Bd7 13. Qxc4 Bc6 14. Qb3 e6 15. c4 Qd7 16. Ne5 Qc7 17. O-O {½-½ (124) Wei,Y (2743)-Svidler,P (2768) Wijk aan Zee 2018}) 10. Qxb7 Nb6 $146 ({Predecessor:} 10... c5 11. Ng5 Qc8 12. Qxc8+ Rxc8 13. Nxe6 fxe6 14. Be2 Kf7 15. O-O-O Nb6 16. Kc2 Rhd8 17. Bg3 cxd4 18. exd4 {½-½ (61) Zhou,W (2600)-Danin,A (2519) Moscow 2010}) 11. Qc6+ Qd7 {White is slightly better.} 12. Qc5 Qd6 {[#] Hoping for ...Qxc5.} 13. Qa5 O-O 14. Be2 Rfc8 15. O-O c5 16. Rfd1 {The position is equal.} cxd4 17. Nxd4 Bd5 $1 18. f3 e5 19. Nc2 $1 {[#] Threatens to win with e4.} Qc5 20. Qxc5 Rxc5 21. e4 Be6 22. Be7 {Precision: White = 38%, Black = 77%.} 1/2-1/2

[Event "100 years Romania 2018"]
[Site "Alba Iulia"]
[Date "2018.11.16"]
[Round "7"]
[White "Sieciechowicz, Marcin"]
[Black "Levin, Evgeny A."]
[Result "1/2-1/2"]
[WhiteElo "2432"]
[BlackElo "2523"]
[Annotator "TA"]
[PlyCount "35"]
[EventDate "2018.11.12"]
[EventType "swiss"]
[EventCountry "ROU"]
[SourceTitle "playchess.com"]
[Source "ChessBase"]
[SourceQuality "1"]

{[%evp 24,28,6,6,6,3,4]} 1. d4 Nf6 2. Nf3 e6 3. Bg5 c5 4. c3 h6 5. Bh4 b6 6. e3 Bb7 7. Nbd2 Be7 8. Bd3 Nc6 9. a3 {A46: 1 d4 Nf6 2 Nf3 e6: Torre, London and Colle Systems} d5 (9... O-O 10. O-O cxd4 11. cxd4 Rc8 12. Qe2 Nh5 13. Bxe7 Qxe7 14. Rac1 Nf6 15. Rc2 Nb8 16. Rfc1 Rxc2 17. Rxc2 Rc8 18. Rxc8+ Bxc8 19. e4 {1-0 (58) Carlsen,M (2837)-Korobov,A (2652) Riadh 2017}) 10. b4 O-O 11. O-O Ne4 12. Bxe7 Nxe7 13. Qc2 {[%cal Rd2e4] LiveBook: 4 Games} cxd4 14. cxd4 {[%cal Rd2e4]} Rc8 {Predecessor:} 15. Qb1 $146 Nd6 16. b5 f6 17. Qb4 Qd7 18. a4 {1-0 (54) Savchur,F (2499)-Rodriguez Landa,M (2457) ICCF email 2013} 1/2-1/2

[Event "100 years Romania 2018"]
[Site "Alba Iulia"]
[Date "2018.11.16"]
[Round "7"]
[White "Petrisor, Adrian-Marian"]
[Black "Fedorov, Alexei"]
[Result "1/2-1/2"]
[WhiteElo "2425"]
[BlackElo "2558"]
[Annotator "TA"]
[PlyCount "29"]
[EventDate "2018.11.12"]
[EventType "swiss"]
[EventCountry "ROU"]
[SourceTitle "playchess.com"]
[Source "ChessBase"]
[SourceQuality "1"]

{[%evp 11,29,-4,-8,-14,-16,-25,-19,-8,5,-25,-29,-21,-22,-31,8,-27,-25,-22,-18,-22]} 1. Nf3 Nf6 2. g3 g6 3. b3 Bg7 4. Bb2 c5 5. c4 d6 6. d4 Ne4 7. e3 {A49: 1 d4 Nf6 2 Nf3 g6 3 g3: Anti-King's Indian systems} (7. Nbd2 Qa5 8. Qc1 Nxd2 9. Qxd2 Qxd2+ 10. Kxd2 Nc6 11. e3 Bg4 12. Bg2 O-O-O 13. Kc1 Nb4 14. Rd1 cxd4 15. Bxd4 Bxd4 16. Rxd4 {½-½ (46) Sjugirov,S (2650)-Amin,B (2689) Riadh 2017}) 7... Qa5+ 8. Nbd2 Bg4 9. Bg2 Nc6 $132 {[%mdl 2048] Threatening ...cxd4. Black has counterplay} 10. O-O $146 (10. h3 {is interesting.} Bf5 11. g4 Be6 12. Rb1 d5 13. O-O) ({Predecessor:} 10. h3 Bxf3 11. Bxf3 Nxd2 12. Qxd2 Qxd2+ 13. Kxd2 cxd4 14. Bxc6+ bxc6 15. Bxd4 Bxd4 16. exd4 a5 17. Kc3 {½-½ (17) Saric,A (2489)-Rogulj,B (2390) Sibenik 2011}) 10... Nxd2 11. Qxd2 Qxd2 12. Nxd2 cxd4 13. Nf3 Bxf3 14. Bxf3 O-O {next ...dxe3 is good for Black.} 15. Bxc6 1/2-1/2

[Event "100 years Romania 2018"]
[Site "Alba Iulia"]
[Date "2018.11.16"]
[Round "7"]
[White "Banzea, Alexandru-Bogdan"]
[Black "Samolins, Vitalijs"]
[Result "1/2-1/2"]
[WhiteElo "2313"]
[BlackElo "2436"]
[Annotator "TA"]
[PlyCount "74"]
[EventDate "2018.11.12"]
[EventType "swiss"]
[EventCountry "ROU"]
[SourceTitle "playchess.com"]
[Source "ChessBase"]
[SourceQuality "1"]

{[%evp 10,74,53,47,66,33,32,32,37,41,45,36,59,55,60,27,48,50,57,5,29,0,0,-6,-2,-7,-7,-6,-5,-5,-6,-6,0,0,0,0,0,-6,0,0,0,0,0,0,0,0,0,0,0,0,0,0,0,0,0,0,0,-6,-6,-6,-6,-7,0,0,0,0,0]} 1. e4 c5 2. Nf3 Nf6 3. Nc3 d5 4. exd5 Nxd5 5. Bb5+ Nc6 6. O-O Nxc3 {B29: Sicilian: 2 Nf3 Nf6 (Nimzowitsch Variation)} (6... e6 7. d4 a6 8. Bxc6+ bxc6 9. Ne4 cxd4 10. Qxd4 Qb6 11. Qe5 Qc7 12. Qh5 Nf4 13. Bxf4 Qxf4 14. Rfe1 {½-½ (54) Efimenko,Z (2648)-Ipatov,A (2613) Dubai 2014}) 7. bxc3 e6 8. Ne5 {[#] Qf3 is the strong threat.} Bd7 {White is slightly better.} 9. Bxc6 Bxc6 10. Nxc6 bxc6 11. Qg4 Rb8 $146 ({Predecessor:} 11... g6 12. Qa4 Qd7 13. d3 Bg7 14. Qa5 {½-½ (52) Szieberth,A (2300)-Kummer,H (2300) Oberwart 1996}) 12. Re1 g6 13. Qa4 Qc7 14. Ba3 ({White should try} 14. d3 $14) 14... Bd6 $11 15. h3 O-O {The position is equal.} 16. Rab1 c4 17. Bxd6 Qxd6 18. Rbd1 Qd5 19. Qxa7 Ra8 20. Qc7 Rfc8 21. Qf4 Rxa2 22. Re5 Qd6 23. Re4 Qxf4 24. Rxf4 Rxc2 25. Rxc4 Rd8 26. Rxc6 Rdxd2 27. Rxd2 Rxd2 {[%mdl 4096] Endgame KR-KR} 28. h4 Kg7 29. g3 h6 30. Rc5 Kf6 31. Kg2 g5 32. hxg5+ hxg5 33. Kf3 {[#]} g4+ $1 {[%mdl 512]} 34. Ke3 (34. Kxg4 Rxf2) 34... Rc2 35. Rc7 Ke5 36. Rxf7 Rxc3+ 37. Ke2 Rc4 {Accuracy: White = 70%, Black = 64%.} 1/2-1/2

[Event "100 years Romania 2018"]
[Site "Alba Iulia"]
[Date "2018.11.16"]
[Round "7"]
[White "Samu, Sorin-Mihai"]
[Black "Harutjunyan, Gevorg"]
[Result "0-1"]
[WhiteElo "2036"]
[BlackElo "2470"]
[Annotator "TA"]
[PlyCount "42"]
[EventDate "2018.11.12"]
[EventType "swiss"]
[EventCountry "ROU"]
[SourceTitle "playchess.com"]
[Source "ChessBase"]
[SourceQuality "1"]

{[%evp 9,42,-4,0,-9,24,8,0,25,22,11,44,1,2,-14,0,-20,20,20,17,-18,-18,-19,-32,-37,-33,-90,-66,-271,-299,-692,-690,-660,-640,-29994,-29995]} 1. e4 c5 2. Nc3 e6 3. d4 (3. Nf3 d6 4. d4 cxd4 5. Nxd4 Nf6 6. g4 h6 7. Bg2 Be7 8. Be3 Nc6 9. h3 a6 10. f4 Bd7 11. Qe2 Nxd4 12. Bxd4 Bc6 13. O-O-O Qc7 14. Kb1 e5 15. Be3 {1-0 (45) Grischuk,A (2766)-Duda,J (2737) chess.com INT 2018}) 3... cxd4 4. Qxd4 Nc6 5. Qd3 Nf6 6. Nf3 {B23: Closed Sicilian: Lines without g3} Qb6 7. Be2 Ng4 8. O-O {The position is equal.} Bc5 {[%cal Rg4f2]} 9. Nd1 $1 Qc7 $146 ({Predecessor:} 9... a6 10. h3 Nge5 11. Nxe5 Nxe5 12. Qg3 {0-1 (27) Puobis,J (1953)-Vlach,K (2183) Tatranske Zruby 2011}) 10. c3 b6 11. b4 Be7 $40 {[%mdl 128] Black mounts an attack.} 12. h3 h5 13. Qc4 {[#] b5 is the strong threat.} Qb8 14. Re1 Bb7 15. Ne3 Nce5 16. Nxe5 Nxe5 {[%cal Bg4e5,Be5g6,Bg6f4][%mdl 32]} 17. Qb3 (17. Qd4 $15) 17... Bxe4 $17 18. f4 $2 (18. c4 $15) 18... Ng6 $19 19. f5 $2 (19. Nf1 Nxf4 20. Bb5 Bxg2 21. Qc4 Bxf1 22. Qxf1) 19... Qg3 20. Rf1 Bd6 {[#] ( -> ...Qh2+)} 21. Bf3 Nf4 {Accuracy: White = 25%, Black = 58%.} 0-1